000 00253nam a2200109Ia 4500
008 190216s9999||||xx |||||||||||||| ||und||
100 _aKhadar Ua
245 0 _aChangala
260 _bMathrubhumi Printing &publishing
650 _aMalayalam
942 _cBK
999 _c26592
_d26592